000 01050nam a22003257a 4500
003 CHAP
005 20220817044309.0
008 091026s1915 mx r 00010 spa d
010 _a96944
011 _a97916
035 _a108589
040 _cCHAP
082 0 4 _a333.0972
_bEs18
100 0 0 _aEscobar, Rómulo.
_937532
245 1 3 _aEl problema agrario
_c/por Rómulo Escobar
260 _aTexas :
_bImprenta Juárez,
_cc1915
300 _a214 p. :
_bilus.
590 _aBATCH-UPD
_b10
_c20130110
_lUCH01
_h0954
590 _aBATCH-UPD
_b10
_c20130410
_lUCH01
_h0607
590 _aBATCH-UPD
_b10
_c20130914
_lUCH01
_h0319
590 _aBATCH-UPD
_b10
_c20130914
_lUCH01
_h1958
590 _aCONVERSION
_b10
_c20130109
_lUCH01
_h1354
650 1 4 _aAgricultura
_xAspectos económicos.
650 1 4 _aAgricultura
_xLeyes
_xMéxico.
_91726
650 1 4 _aReforma agraria
_zMéxico.
_995596
650 1 4 _aTierras
_xTenencia
_zMéxico.
_9113215
901 _aBK
942 _cLIBRO
949 _a333.0972 Es18
_bBC
_cBPP
_d33724002124454
_eBPP
_gI.c/e
_h111179
_i108589
_sb
999 _c96944
_d96944